1735 1341 1336 1654 1814 1593 1331 1324 1545 1856 1013 1393 1139 1119 1094 1174 1710 1462 1262 1243 1670 1059 1183 1133 1588 1925 1552 1736 1992 1372 1803 1915 1061 1558 1492 1400 1637 1162 1842 1548 1285 1031 1790 1529 1622 1867 1446 1937 1157 1832 1295 1812 1691 1753 1270 1963 1773 1393 1760 1343 1822 1807 1991 1776 1238 1798 1839 1466 1584 1061 1519 1409 1017 1853 1724 1159 1405 1814 1710 1542 1197 1481 1950 1566 1164 1387 1652 1975 1599 1448 1022 1869 1574 1822 1273 1230 1705 1508 1658 BCNSPRNW ULIB Ver.6.0+V

เปลี่ยนเป็นภาษาไทย

Change to English
 แสดงรายละเอียดบรรณานุกรม
  กลับหน้าหลัก

Brief Record : Get Marc (ISO 2709) : E-mail record : QR code < ปิดหน้าต่าง
LEADER : 00000nam 2200000uu 4500
001    13399121761
003     ULIB
008    121204s2549||||th 000 0 tha d
020    9743413897
024    9789743413988
090    นว.^bป765ค
100 1  คริสติี,อากาธา
245 00 เครื่องเพชรมหาภัย=Cat among the pigeons^c คริสติี,อากาธา ผู้แปล เปียมสุข
260    กรุงเทพฯ:^cสร้างสรรค์บุ๊คส์,^c2549
300    300 หน้า
945    ^p150^l0^i033171
995    เกษร
999    ^aใช้งานได้ทุกระบบ
รายการนี้ยังไม่มีแท็ก
คุณยังไม่ได้ล็อกอิน คุณสามารถมีกิจกรรมร่วมกับเว็บไซต์ได้ แต่ต้องล็อกอินก่อน ::
  ล็อกอิน

รายการสื่อสารสนเทศ

ลำดับที่ ประเภท เลขเรียก/บาร์โค้ด สถานที่ สถานะ
1. นวนิยาย
นวนิยาย
นว. ป765ค  
  Barcode: 033171
ห้องสมุดวิทยาเขตสวรรค์ประชารักษ์
►นวนิยาย
บนชั้น
  ขอยืม

BibComment


ยังไม่เคยถูกคอมเมนท์

คอมเมนท์ทรัพยากรรายการนี้
  คอมเมนท์: เครื่องเพชรมหาภัย..


 Copyright 2026. Bcnsprnw @Library